[Event "EU-ch 4th"]
[Site "Istanbul"]
[Date "2003.06.02"]
[Round "4"]
[White "Guseinov, Gadir"]
[Black "Istratescu, Andrei"]
[Result "1-0"]
[WhiteElo "2505"]
[BlackElo "2593"]
[Annotator "Erenburg,S"]
[PlyCount "81"]
[EventDate "2003.05.30"]
[EventType "swiss"]
[EventRounds "13"]
[EventCountry "TUR"]
[SourceTitle "CBM 096"]
[Source "ChessBase"]
[SourceDate "2003.09.25"]
[SourceVersion "1"]
[SourceVersionDate "2003.09.25"]
[SourceQuality "1"]

1. e4 g6 2. d4 Bg7 3. Nf3 d6 4. Be2 Nf6 5. Nc3 O-O 6. O-O c6 7. a4 Nbd7 8. Be3
{The main idea of this variation is transfer of the knight f3 to c4 via d2.
This transfer may be very strong after a typical black's e7-e5, because it
emphasizes the defect of black's position- weakness of d6 square.} (8. a5 $5
Qc7 9. Be3 Rb8 10. h3 b5 11. axb6 axb6 12. d5 $1 {[%csl Rb5,Rc6][%cal Gf3d4]}
Nc5 13. Nd4 Bd7 14. Bf3 $1 cxd5 15. exd5 b5 16. b4 $1 Nb3 17. cxb3 Qxc3 18. Nc6
$1 Bxc6 19. dxc6 Rbc8 20. Ra7 $16 {[%csl Rc3,Gc6,Ge3,Re7,Gf3][%cal Ga7e7]
Brynell-Beim,Deutschland 2001}) (8. e5 dxe5 9. dxe5 Nd5 10. Nxd5 cxd5 11. Qxd5
Nxe5 12. Qxd8 Rxd8 $11 {Moldovan,D-Marin,M/Ciocaltea mem 2000}) 8... Qc7 {
Black has the following continuations:} (8... e5 9. dxe5 (9. Nd2 {1/2-1/2
Czebe,A-Sturua,Z/Ohrid 2001/CBM 84/[Finkel,A] (57)}) (9. Qd2 exd4 10. Bxd4 Re8
11. Bc4 Nxe4 12. Nxe4 Rxe4 13. Bxg7 Kxg7 14. Bxf7 Ne5 $11 {Jerez Perez,
A-Fernandez,G/Barcelona 2000/CBM 77 ext}) 9... dxe5 {1/2-1/2 Minasian,
A-Minasian,A/Yerevan 2001/CBM 86/[Roiz,M] (24)}) (8... Ng4 $6 9. Bg5 f6 10. Bh4
e5 11. a5 {[%csl Ga5]} h5 12. h3 Nh6 13. dxe5 dxe5 14. a6 $16 {[%cal Gd1d6]
Garcia,G-Pel,B/VAM Hoogeveen op 1998}) 9. Nd2 {in according to the opening
plan white is transfering his knight to c4. White has another plan of fighting
for the advantage: to put his heavy pieces on the line "d":} (9. Qd2 e5 (9...
Re8 10. Rfd1 Ng4 11. h3 $6 Nxe3 12. Qxe3 e5 13. d5 h6 14. Qd2 Bf8 15. h4 Nf6
$13 {Bousbouras,S-Managadze,N/Athens 1997}) (9... b6 10. Bh6 Bb7 11. Rad1 (11.
Ne1 a6 12. Bxg7 Kxg7 13. f4 Rad8 14. Qe3 c5 15. d5 e6 16. dxe6 fxe6 17. Nf3 $14
{Abel,L-Berebora,F/HUN 1993}) 11... Rad8 12. Rfe1 e5 13. Bg5 a6 14. Bf1 Rfe8
15. Qc1 Rc8 16. dxe5 dxe5 17. g3 {1/2-1/2 Short,N-Shirov,A/Novgorod 1994/CBM
43 (17)}) 10. dxe5 dxe5 {0-1 Vajda,L-Bokros,A/Budapest 2002/CBM 89/[Finkel,A] 
(58)}) 9... b6 {fianchetting the light-squared bishop.} (9... e5 10. dxe5 Nxe5
(10... dxe5 11. Nc4 $14) 11. h3 b6 12. f4 Ned7 13. Qe1 Re8 14. Qf2 Nc5 15. Bf3
$14 {1-0 Iordachescu,V-Marin,M/Bucharest 2000/CBM 77 (50)}) 10. f4 {Logical
continuation. White occupies the space on the kingside, that will make
possible the future attack on the black monarch.} Bb7 (10... a6 11. Bd3 Bb7 12.
e5 Ne8 13. Nce4 c5 14. c3 Qc6 15. Qe2 Nc7 $13 {Damljanovic,B-Ehlvest,J/
Belgrade 1989}) 11. e5 Nd5 ({Too passive is} 11... Ne8 12. Nce4 c5 13. c3 Bc6
14. Qb3 Qb7 15. Bf3 $14 {1-0 Minasian,A-Shchekachev,A/Moscow 1996/CBM 56 ext 
(43)}) 12. Nxd5 cxd5 13. Bd3 $1 {[%csl Yd3][%cal Yd3g6,Gd1g4,Yf4f5] Now white
is ready to transfer his pieces on the kingside in order to start the attack
against the black king.} e6 {Black tried also} (13... a5 $5 14. Qf3 $6 (14. Ra3
$5 $14) (14. Qe2 $5 $14) 14... dxe5 15. fxe5 Bxe5 16. Qh3 Bg7 $15 {1/2-1/2
Estrada Nieto,J-Kakageldyev,A/Bled 2002/EXT 2003 (33)}) 14. Qg4 $1 $146 {
The idea of this move is to prevent black's immediate f7-f6,as well as to push
forward his "h" pawn. Actually white is going for forced long variation, which
he calculated well.} ({Less principal is} 14. Nf3 f6 15. exf6 Nxf6 16. Ng5 Rae8
17. Qf3 $14 {Pribyl,J-Fajman,P/Prague 1992}) 14... Rae8 15. h4 $1 $14 f6 {
The most principal continuation. Actually, except of this plan of opening the
game black can't create any counterplay.} (15... dxe5 16. fxe5 f6 17. h5 {
-main line}) 16. h5 $1 {Of course, this key move should have been seen before
white played 14.Qg4.} fxe5 (16... f5 17. Qg5 gxh5 18. Qxh5 $16) (16... dxe5 17.
fxe5 fxe5 18. h6 {See the game}) 17. fxe5 dxe5 18. h6 exd4 {In this position
black has two main continuations: the move in the game and 18...Bf6, which
provides to a very long forced variation. But both of them provide to white's
obvious advantage.} (18... Bh8 $4 19. Bxg6 $18) (18... Bf6 $5 19. Bxg6 hxg6 20.
Qxg6+ Kh8 21. Bg5 $1 exd4 22. Bxf6+ Nxf6 23. Rxf6 Rg8 24. Qd3 Rg4 (24... e5 25.
Raf1 Re7 26. Rf8 $16) 25. Raf1 (25. Qh3 Reg8 26. h7 Rxg2+ 27. Kh1 Qxh7 28. Rh6
R2g7 29. Qxe6 Qxh6+ 30. Qxh6+ Rh7 $17) 25... Reg8 26. R1f2 e5 27. Rf8 (27. Rf7
Rxg2+ 28. Kf1 Rxf2+) 27... Qc5 (27... Rxg2+ 28. Rxg2 Rxf8 29. Qg6 $18 {[%cal
Gg6g7]}) (27... Qe7 28. R2f7 Rxg2+ 29. Kf1 Rg1+ 30. Ke2 R1g2+ 31. Kd1 $18) 28.
Rxg8+ Rxg8 29. Qf5 Qd6 30. Nf3 $16) 19. hxg7 Rxf1+ 20. Rxf1 dxe3 21. Qf3 $1 {
The key move in all variation. White is going to capture the knight, thus to
get a slight advantage.} Nf6 ({After} 21... Kxg7 {white's position is also
better:} 22. Qf7+ Kh6 23. Qxe8 exd2 24. Qxe6 Ne5 25. Qh3+ Kg7 26. Qe3 Qc5 (
26... Ng4 27. Qd4+) 27. Qxc5 bxc5 28. Rd1 $16) 22. Qxf6 Qxg7 23. Qxg7+ Kxg7 24.
Nb3 e5 25. c3 Bc8 $2 {Loses the e3 pawn on the spot.} ({Better was} 25... Rd8
$1 $14 {Black is three pawns for a knight, but his position is worse, due to
weakness of these pawns.}) 26. Re1 Kf6 {When black played 25...Bc8 he
calculated the following variation:} (26... d4 27. cxd4 exd4 28. Nxd4 Rd8 29.
Ba6 $3 $18 {Probably this move was overlooked by black.}) 27. Rxe3 Re7 28. Re1
Bf5 29. Rd1 Ke6 30. Kf2 Rf7 31. Ke3 a5 32. Rf1 h5 33. Nd2 d4+ 34. Ke2 Bxd3+ (
34... Rd7 {doesn't change anything.} 35. Bb5 Rd8 36. cxd4 Rxd4 37. Rc1 $18) 35.
Kxd3 $18 {White is a piece up, he is going to capture black's weak pawns, so
the rest is an easy job for white.} Rxf1 36. Nxf1 dxc3 37. bxc3 Kd5 38. c4+ Kc5
39. Kc3 h4 40. Nd2 Kd6 41. Nf3 1-0

[Event "Lausanne YM 5th"]
[Site "Lausanne"]
[Date "2004.09.16"]
[Round "1.2"]
[White "Papa, Severin"]
[Black "Mamedyarov, Shakhriyar"]
[Result "0-1"]
[WhiteElo "2397"]
[BlackElo "2662"]
[Annotator "Erenburg,S"]
[PlyCount "58"]
[EventDate "2004.09.15"]
[EventType "k.o."]
[EventRounds "3"]
[EventCountry "SUI"]
[SourceTitle "CBM 104"]
[Source "ChessBase"]
[SourceDate "2005.01.27"]
[SourceVersion "1"]
[SourceVersionDate "2005.01.27"]
[SourceQuality "1"]

1. d4 g6 2. e4 c6 3. Nc3 Bg7 4. h3 {covering the g4 square, thus preventing
black's Ng4 and Bg4. White intends to develop his light pieces to f3 and e3.}
d6 5. Be3 Nf6 6. Qd2 O-O 7. Nf3 b5 8. Bd3 Nbd7 9. a4 {White's aim is to create
the target for attack on the queenside and to transfer the kingside knight to
more active position on g3. The question is if he realizes this typical idea
in an appropriate moment... Other possibilites are:} ({More logical is to
complete the development first:} 9. O-O {1-0 Akopian,V-Nikolic,P/Halkidiki
2002/CBM 92/[Erenburg] (47)}) (9. Bh6 a6 10. h4 Ng4 $6 11. Bxg7 Kxg7 12. h5 Rh8
13. Qf4 $16 {Miller,G-Bates,R/ENG-chT9697}) (9. g4 $6 b4 10. Ne2 c5 11. c3 bxc3
12. bxc3 Rb8 13. Bh6 Qa5 $132 {Misa Juncal,A-Martinez Rodriguez,P/Mondariz op
1997}) (9. Ne2 $6 {1-0 Pikula,D-Popchev,M/Belgrade 2000/CBM 76/[Finkel,A] (49)}
) 9... b4 10. Ne2 c5 {Black protects his b4 pawn and attacks white's centre.}
11. c3 Bb7 12. Ng3 (12. d5 c4 $1 13. Bxc4 Nxe4 14. Qc2 Nef6 $15) 12... c4 $1
$146 {[%mdl 4] Very interesting novelty. Black tries to paralyze white's
queenside pieces. In the previous game black continued} (12... bxc3 13. bxc3
Qa5 14. O-O Rab8 15. d5 Ba6 16. Rfc1 Rb3 17. Qd1 Bxd3 18. Qxb3 Nxe4 19. Nxe4
Rb8 20. Qd1 Bxe4 21. Ng5 Bf5 22. g4 $16 {1/2-1/2 Garcia Melgar,J-Cenal
Gutierrez,R/Oropesa del Mar 1996/EXT 98 (50)}) 13. Bb1 {White decided not to
change his central pawn. On the other hand, he risks to remain with two
paralyzed pieces on the queenside.} (13. Bxc4 bxc3 14. bxc3 Nxe4 15. Nxe4 Bxe4
$15) 13... b3 $1 {[%mdl 4] Now white's light-squared bishop is completely
locked...} 14. Bh6 ({More logical was to trade the light-squared bishops:} 14.
e5 Ne8 ({Deserves attention:} 14... Nd5 $5 15. Bh6 dxe5 16. Nh5 Bh8 $1) 15. Be4
Bxe4 16. Nxe4 Qa5 $15) 14... e5 15. O-O a5 $17 {Black fixes the pawn structure.
Now it is clear, that black has won strategical struggle of the opening. White
plays without two pieces...} 16. Nh2 $6 {I don't understand the idea of this
move.} ({Better is} 16. Rd1 $17) 16... Re8 17. Bxg7 Kxg7 18. Kh1 $2 {White
plays without concrete plan. Black's pieces are located actively, and black is
ready to open up the game, using the white's queenside passive pieces.} ({
Better was} 18. Rd1 d5 $17) 18... exd4 $1 19. Qxd4 (19. cxd4 Nxe4 $19) 19...
Qb6 $1 $17 {Black changes one of the only white's active pieces.} 20. Re1 ({
Doesn't change too much:} 20. Rd1 Qxd4 21. Rxd4 d5 $17 {/-+}) 20... Qxd4 21.
cxd4 Nb6 22. Nf3 Bc6 $19 {Now black is already winning! White is hopeless
against black's threats to win the a4 pawn.} 23. e5 (23. Nd2 Bxa4 $19) 23...
Nfd7 24. Ne4 (24. exd6 {loses as well:} Bxf3 25. Rxe8 Rxe8 26. gxf3 Re1+ 27.
Kg2 c3 $19) 24... dxe5 25. Nd6 (25. dxe5 Nxe5 26. Nd6 Nxf3 27. Nxe8+ Rxe8 28.
Rxe8 Bxe8 29. gxf3 Nxa4 $19 {and black's queenside pawns are unstoppable.})
25... Re6 26. dxe5 (26. Ne4 Rae8 $19) 26... Bxf3 27. gxf3 Nxe5 28. Be4 Rd8 29.
Nb7 Rd2 {[%mdl 4] Very impressive victory! Total triumph of black's stategy!}
0-1

[Event "Moscow Aeroflot op-A"]
[Site "Moscow"]
[Date "2005.02.17"]
[Round "3"]
[White "Azarov, Sergei Nikolaevich"]
[Black "Tkachiev, Vladislav"]
[Result "1-0"]
[WhiteElo "2565"]
[BlackElo "2609"]
[Annotator "Erenburg,S"]
[PlyCount "103"]
[EventDate "2005.02.15"]
[EventType "swiss"]
[EventRounds "9"]
[EventCountry "RUS"]
[SourceTitle "CBM 106"]
[Source "ChessBase"]
[SourceDate "2005.06.06"]
[SourceVersion "1"]
[SourceVersionDate "2005.06.06"]
[SourceQuality "1"]

1. e4 d6 2. d4 g6 3. Nf3 Nf6 4. Nc3 Bg7 5. Bg5 Nc6 {Black provokes white to
play d4-d5, that will open a long diagonal for a dark-squared bishop. Other
possibilities are:} (5... h6 {---> 1/2-1/2 Frolov,D-Inarkiev,E/Sochi 2004/
[Erenburg] (49)}) (5... c6 6. Qd2 h6 7. Be3 d5 (7... b5 8. Bd3 Ng4 9. Bf4 e5
10. dxe5 dxe5 11. Bg3 h5 12. Bh4 f6 13. h3 Bh6 14. Qe2 b4 15. Na4 g5 16. Bg3 h4
17. Bh2 Nxh2 18. Nxh2 Nd7 $13 {1/2-1/2 Aronin,L-Smyslov,V/Moscow 1951/URS-ch 
(51)}) 8. Bd3 dxe4 9. Nxe4 Nxe4 10. Bxe4 Nd7 11. c4 Nf6 12. Bd3 $14 {1/2-1/2
Savicevic,V-Tseshkovsky,V/Ulcinj 1998/EXT 99 (38)}) (5... O-O 6. Qd2 Bg4 7. Qf4
Bxf3 8. Qxf3 Nc6 9. O-O-O Nd7 10. Qe3 $16 {1-0 Watson,W-Beim,V/Germany 2000/
CBM 82 ext (35)}) 6. d5 {trying to get a space advantage.} ({Logical
alternative can be} 6. h3 Bd7 $2 (6... O-O $142) 7. e5 dxe5 8. dxe5 Ng8 9. Bc4
h6 10. Bf4 e6 11. Qe2 $16 {1-0 Keres,P-Ingelmo,A/Madrid 1943/HCL (41)}) 6...
Nb8 7. h3 {covering the g4 square.} (7. Qd2 O-O 8. Bh6 Nbd7 9. Bb5 Nc5 10. Bxg7
Kxg7 11. Bd3 e6 12. O-O-O a6 13. dxe6 Bxe6 14. Rhe1 b5 $13 {0-1 Devesa Raris,
V-Calvo Cobas,J/Vila de Padron 2000/EXT 2001 (49)}) 7... O-O $146 {New move in
a rare position. In the preceding game black continued} (7... c6 8. Qd2 Qb6 9.
Rb1 (9. O-O-O $4 Nxe4 $19) 9... Nbd7 10. b4 a5 11. dxc6 bxc6 12. b5 O-O 13. Be3
Qb7 14. bxc6 Qxc6 15. Nd4 Qc7 16. Ncb5 Qb7 17. f3 $13 {1-0 Buchal,S-Kaulfuss,H/
Germany 1988/GER (26)}) 8. Bc4 {occupying an a2-g8 diagonal.} c6 9. dxc6 Nxc6 {
getting sicilian pawn structure. I think, that objectively,} (9... bxc6 $5 {
is better. In this case, black has more pawns in the centre, he covers the d5
square, and gets a semi-open file "b":} 10. O-O (10. e5 dxe5 (10... d5 11. Bb3
Nfd7) 11. Qxd8 Rxd8 12. Nxe5 Nd5 $15) 10... Ba6 $11) 10. O-O h6 11. Be3 Bd7 12.
Qe2 Rc8 13. Bb3 Kh7 {Prophylactic move. Black moves away the king from
diagonal a2-g8, and, at the same time, protects h6 pawn one more time.} 14.
Rad1 Qa5 15. Rfe1 {All white's moves are very logical. He centralized all his
forces, and now he will occupy some squares in the centre with the light
pieces.} Be6 {covering the d5 square.} 16. Nd4 $1 ({Worse is} 16. Bxe6 fxe6 17.
e5 Nxe5 18. Nxe5 Qxe5 19. Bxa7 Qa5 $13 {[%cal Ye6e5]}) 16... Bd7 (16... Bxb3 {
plays in white's hands, as it opens for him a semi-open file "a".} 17. axb3 {
[%csl Gd5,Ge4][%cal Yd1a1,Yc3d5]} a6 18. Nxc6 Rxc6 19. Nd5 $14) 17. f3 {
strengthening the centre.} Ne5 18. Qf1 {preparing to push forward "f" pawn.} a6
{Black hasn't any plan of counterplay except of carrying out b7-b5.} 19. f4 Nc6
20. Qf2 $1 {emphasizing a background of black's 18-th move.} Qh5 21. Nde2 $1
$14 {[%cal Yf4f5,Ge2f4,Ge2g3]} Na5 $2 {allows white to get a decisive
advantage.} (21... Be6 22. f5 (22. Ng3 Qh4 $13) 22... Bxb3 23. axb3 g5 {
should be bad for black, due to terrible location of black's queen, while
Fritz is satisfied with black's position :)}) 22. e5 $1 Ne8 (22... dxe5 23. Ng3
Qh4 24. fxe5 $18) 23. Rd5 $1 {attacking black's pieces on the 5-th rank.} (23.
exd6 {is strong enough as well:} e6 24. Ng3 Qh4 25. Nge4 $18) 23... Nxb3 24. e6
(24. exd6 $5 e5 25. fxe5 $18) 24... Qxd5 25. exd7 (25. Nxd5 Bxe6 26. Nb6 Rxc2
27. axb3 Rxb2 28. Qf3 $18) 25... Rxc3 26. Nxc3 ({Probably,} 26. d8=Q {is worse:
} Rxc2 27. axb3 Nf6 {and black has some compensation.}) 26... Bxc3 27. d8=Q
Bxe1 28. Qxe1 {[%mdl 1024] Very rare correlation of forces- 2Q+B vs Q+2N+R!
White's goal should be a trade of the queens, one for one :)} Nd4 29. Qxe7 $18
{White's advantage is decisive, thanks to weaknesses of dark squares in the
black camp.} Ne6 30. Bd2 $6 {transfering the bishop to a long diagonal, from
where it can create unpleasant threats against black.} ({But stronger was} 30.
Qd2 $1 N8c7 (30... Qxa2 31. f5 $1 $18 {[%cal Ye3h6]}) 31. Qxd6 Qxa2 32. f5 gxf5
(32... Rd8 33. fxg6+ Kxg6 (33... fxg6 34. Qe7+ $18) 34. Qg3+) 33. Qe5 $18)
30... N8g7 (30... Qc5+ 31. Qe3 Qxc2 32. Qxb7 $18) 31. Qf6 Nh5 ({The best
chance for black was to win the pawn:} 31... Qc5+ $1 32. Qf2 Qxc2 $16) 32. Qc3
Nhxf4 33. Bxf4 Nxf4 34. Qed2 Qg5 (34... Qe4 35. Qce3 $18) 35. Kh2 {[%cal Yc3f3]
Now black cannot avoid the trade of the queens.} Re8 {[%tqu "En","Please enter
the strongest move for white.","","","c3c4","",10]} 36. Qc4 $1 {[%cal Yc4f7,
Yd4f4,Yc4f4,Gd2f4]} (36. Qf3 $2 Re2 $1 37. Qdxf4 Rxg2+ 38. Kh1 Rg1+ $11) (36.
Qg3 Qxg3+ 37. Kxg3 g5 $14) 36... Ne6 (36... Re2 37. Qxf7+ Kh8 38. Qc3+ Qe5 39.
Qc8+ $18) 37. Qxg5 hxg5 38. Qd5 $18 {Black has too many weaknesses, that makes
his position absolutely hopeless.} Kg7 39. Qxb7 Nf4 40. Qxa6 {White doesn't
care too much about black's threats on the kingside, but continues to take all
black's pawns on the queenside.} Re2 41. Qxd6 Rxg2+ 42. Kh1 Rg3 (42... Rxc2 {
loses as well:} 43. Qe5+ Kg8 44. Qxg5 $18) 43. a4 {Black's threats are
"empty"- there isn't anything dangerous for white, that's why Sergei pushes
forward his "a" pawn for promotion.} Rxh3+ 44. Kg1 Rf3 45. Qd7 Kh6 46. a5 Kh5 (
46... Rg3+ 47. Kf2 Rg2+ 48. Kf1 Rxc2 49. a6 Rc1+ 50. Kf2 Rc2+ 51. Kf3 Rxb2 52.
a7 Ra2 53. Qb7 $18) 47. a6 g4 {threatening with the perpetual check- Nh3+,
Rf1+, Rf2+...} 48. Qb5+ $1 {covering the f1 square with the tempo.} Kh4 49. a7
Nh3+ 50. Kh1 Kg3 {[%cal Yh3f2,Gf2h3] Again threatening with perpetual check
Nf2-h3+} 51. Qe5+ $1 Nf4 52. Qe1+ {preventing the mate, and getting another 
(third in the game!!!!) queen!} 1-0